Tôpô

Guardat en:
Dades bibliogràfiques
Autor principal: Dương Minh Đức (Tác giả)
Format: Llibre
Idioma:Vietnamese
Publicat: Tp.Hồ Chí Minh Đại học quốc gia TP.Hồ Chí Minh 2001
Etiquetes: Afegir etiqueta
Sense etiquetes, Sigues el primer a etiquetar aquest registre!
Thư viện lưu trữ: Mạng thư viện Đại học Đà Nẵng
LEADER 00994nam a2200301 4500
001 000008070
003 4251
005 20111013151021.0
008 111013s2001 viesd
020 |c 10000đ 
041 0 |a vie 
082 |a 514  |b DƯ-Đ 
100 0 |a Dương Minh Đức  |e Tác giả 
245 0 |a Tôpô  |c Dương Minh Đức 
260 |a Tp.Hồ Chí Minh  |b Đại học quốc gia TP.Hồ Chí Minh  |c 2001 
300 |a 99 tr.  |c 20 cm 
700 |a Dương Minh Đức  |e Tác giả 
910 |a Đỗ Phú Quý  |d 13/10/2011 
OWN |a LSP 
AVA |a UDN50  |b LSP  |d 514 DƯ-Đ  |e available  |t Error 5001 Not defined in file expand_doc_bib_avail.  |f 1  |g 0  |h N  |i 0  |k 1 
999 |a From the UDN01 
AVA |a UDN50  |b LSP  |d 514 DƯ-Đ  |e available  |t Error 5001 Not defined in file expand_doc_bib_avail.  |f 1  |g 0  |h N  |i 0  |k 1 
TYP |a Monograph 
TYP |a Printed language 
980 |a Mạng thư viện Đại học Đà Nẵng